The Constitution of Finland. (Record no. 3280)

MARC details
000 -LEADER
fixed length control field 00795cam a2200289 a 4500
001 - CONTROL NUMBER
control field 12986063
003 - CONTROL NUMBER IDENTIFIER
control field OSt
005 - DATE AND TIME OF LATEST TRANSACTION
control field 20230703143143.0
008 - FIXED-LENGTH DATA ELEMENTS--GENERAL INFORMATION
fixed length control field 011220s2001 fi 000 0 eng d
010 ## - LIBRARY OF CONGRESS CONTROL NUMBER
LC control number 2002507269
020 ## - INTERNATIONAL STANDARD BOOK NUMBER
International Standard Book Number 951532243X
040 ## - CATALOGING SOURCE
Original cataloging agency MNG
Transcribing agency MNG
Modifying agency DLC
041 1# - LANGUAGE CODE
Language code of text/sound track or separate title eng
Language code of original fin
042 ## - AUTHENTICATION CODE
Authentication code lccopycat
043 ## - GEOGRAPHIC AREA CODE
Geographic area code e-fi---
082 ## - DEWEY DECIMAL CLASSIFICATION NUMBER
Classification number 342.948
Item number POF
110 1# - MAIN ENTRY--CORPORATE NAME
Corporate name or jurisdiction name as entry element Finland.
240 10 - UNIFORM TITLE
Uniform title Perustuslaki.
Language of a work English
245 14 - TITLE STATEMENT
Title The Constitution of Finland.
260 ## - PUBLICATION, DISTRIBUTION, ETC. (IMPRINT)
Place of publication, distribution, etc. [Finland] :
Name of publisher, distributor, etc. Parliament of Finland,
Date of publication, distribution, etc. 2001.
300 ## - PHYSICAL DESCRIPTION
Extent 167 p. ;
Dimensions 22 cm.
650 #0 - SUBJECT ADDED ENTRY--TOPICAL TERM
Topical term or geographic name as entry element Constitutions
Geographic subdivision Finland.
710 1# - ADDED ENTRY--CORPORATE NAME
Corporate name or jurisdiction name as entry element Finland.
Subordinate unit Eduskunta.
906 ## - LOCAL DATA ELEMENT F, LDF (RLIN)
a 7
b cbc
c copycat
d 2
e ncip
f 20
g y-gencatlg
942 ## - ADDED ENTRY ELEMENTS (KOHA)
Source of classification or shelving scheme Dewey Decimal Classification
Koha item type Books
Holdings
Withdrawn status Lost status Source of classification or shelving scheme Damaged status Not for loan Home library Current library Date acquired Total Checkouts Full call number Barcode Date last seen Price effective from Koha item type
    Dewey Decimal Classification     County Hall Archives County Hall Archives 07/03/2023   342.948 POF 10010634 07/03/2023 07/03/2023 Books
    Dewey Decimal Classification     County Hall Archives County Hall Archives 07/03/2023   342.948 POF 10013438 07/03/2023 07/03/2023 Books
    Dewey Decimal Classification     County Hall Archives County Hall Archives 07/03/2023   342.489 FIN 10013439 07/03/2023 07/03/2023 Books
LIBRARY OPENING HOURS

When the Parliament is sitting: 8.00a.m - 7.00p.m or until the house adjourns
Mondays and Fridays and when the House is on Recess:  8.00a.m - 5.00p.m
Closed on Weekends and Public Holidays

Online Public Access Catalog (OPAC)
Website: http://www.parliament.go.ke
Bunge Library: https://libraryir.parliament.go.ke
Contact: library@parliament.go.ke | Tel no: (254-2)2221291 or 2848000 Ext 5043